|
|
|
|
| LEADER |
00000cam a2200000 a 4500 |
| 001 |
52139 |
| 003 |
CZ-ZlUTB |
| 005 |
20190826001619.0 |
| 007 |
ta |
| 008 |
090310s2008 xr f 001 0 cze |
| 020 |
|
|
|a 9788087029473
|q (Společnost pro odbornou literaturu - Barrister & Principal :
|q brož.) :
|c Kč 195,00
|
| 035 |
|
|
|a (OCoLC)321043616
|
| 040 |
|
|
|a ABA001
|b cze
|d ZLD002
|
| 072 |
|
7 |
|a 37
|x Výchova a vzdělávání
|2 Konspekt
|9 22
|
| 080 |
|
|
|a 616.89-008.47-008.481
|2 MRF
|
| 080 |
|
|
|a 37.03-053.2
|2 MRF
|
| 080 |
|
|
|a 159.922.7
|2 MRF
|
| 080 |
|
|
|a 173.5/.7
|2 MRF
|
| 080 |
|
|
|a 316.362.1-055.52
|2 MRF
|
| 080 |
|
|
|a 316.614.5
|2 MRF
|
| 080 |
|
|
|a (078.7)
|2 MRF
|
| 100 |
1 |
|
|a Kolčárková, Irena
|7 jx20090325013
|4 aut
|
| 245 |
1 |
0 |
|a Rodičovství očima matek neklidných dětí /
|c Irena Kolčárková & Lenka Lacinová
|
| 250 |
|
|
|a 1. vyd.
|
| 260 |
|
|
|a Brno :
|b Společnost pro odbornou literaturu - Barrister & Principal :
|b Masarykova univerzita,
|c 2008
|
| 300 |
|
|
|a 138 s. ;
|c 23 cm
|
| 490 |
1 |
|
|a Psychologie
|
| 504 |
|
|
|a Obsahuje bibliografii, bibliografické odkazy a rejstříky
|
| 650 |
0 |
7 |
|a porucha pozornosti spojená s hyperaktivitou
|7 ph120994
|2 czenas
|
| 650 |
0 |
7 |
|a výchova dítěte
|7 ph127420
|2 czenas
|
| 650 |
0 |
7 |
|a psychologie dítěte
|7 ph117256
|2 czenas
|
| 650 |
0 |
7 |
|a matky a děti
|7 ph380396
|2 czenas
|
| 650 |
0 |
7 |
|a rodičovství
|7 ph138908
|2 czenas
|
| 650 |
0 |
7 |
|a psychologie rodiny
|7 ph117484
|2 czenas
|
| 655 |
|
7 |
|a případové studie
|7 fd133208
|2 czenas
|
| 700 |
1 |
|
|a Lacinová, Lenka,
|d 1969-
|7 nlk20020105633
|4 aut
|
| 830 |
|
0 |
|a Psychologie (Barrister & Principal)
|0 s
|
| 910 |
|
|
|a ZLD002
|
| 928 |
1 |
|
|a Společnost pro odbornou literaturu - Barrister & Principal
|
| 928 |
9 |
|
|a Barrister & Principal
|
| 952 |
|
|
|0 0
|1 0
|4 0
|6 37KOLČÁRKOVÁI
|7 0
|8 BOOK
|9 93308
|a UTBZL
|b UTBZL
|c 005
|d 2009-05-20
|l 0
|o 37/KOLČÁRKOVÁ,I.
|p 420010124384
|r 2019-08-26 00:00:00
|v 195.00
|w 2019-08-26
|x N:nákup; | 20100831
|y 01
|
| 952 |
|
|
|0 0
|1 0
|4 0
|6 37KOLČÁRKOVÁI
|7 0
|8 BOOK
|9 93309
|a UTBZL
|b UTBZL
|c 006
|d 2009-05-20
|l 23
|m 3
|o 37/KOLČÁRKOVÁ,I.
|p 420010124385
|r 2026-03-24 10:56:33
|s 2025-04-07
|v 195.00
|w 2019-08-26
|x N:nákup; | 20100831
|y 04
|
| 952 |
|
|
|0 0
|1 0
|4 0
|6 37KOLČÁRKOVÁI
|7 0
|8 BOOK
|9 93310
|a UTBZL
|b UTBZL
|c 006
|d 2009-05-20
|l 17
|m 3
|o 37/KOLČÁRKOVÁ,I.
|p 420010124386
|r 2026-03-24 10:56:31
|s 2023-05-24
|v 195.00
|w 2019-08-26
|x N:nákup; | 20100831
|y 04
|
| 956 |
4 |
|
|y Obsah
|u http://toc.nkp.cz/NKC/200904/contents/nkc20091860735_1.pdf
|
| 992 |
|
|
|a BK
|b SK
|d 35
|
| 998 |
|
|
|a 001860735
|
| 999 |
|
|
|c 52139
|d 52139
|